Statistics for scrabble two letter words

Click here to take the quiz!

General Stats

  • This quiz has been taken 14 times
  • The average score is 76 of 127

Answer Stats

Answer% Correct
ad
100%
as
100%
at
100%
aa
91%
ab
91%
ag
91%
ah
91%
al
91%
am
91%
an
91%
aw
91%
ax
91%
ba
91%
be
91%
do
91%
go
91%
ha
91%
he
91%
hi
91%
ho
91%
ae
82%
ai
82%
ar
82%
ay
82%
bi
82%
bo
82%
da
82%
fa
82%
fe
82%
gu
82%
is
82%
lo
82%
na
82%
ne
82%
by
73%
de
73%
di
73%
ea
73%
ed
73%
ee
73%
eh
73%
em
73%
en
73%
et
73%
ew
73%
gi
73%
if
73%
in
73%
it
73%
la
73%
me
73%
no
73%
nu
73%
ch
64%
ef
64%
el
64%
er
64%
es
64%
ex
64%
id
64%
ja
64%
jo
64%
ka
64%
ko
64%
li
64%
ma
64%
mo
64%
pa
64%
pi
64%
to
64%
ki
55%
mi
55%
my
55%
ny
55%
op
55%
po
55%
fy
45%
io
45%
ky
45%
mu
45%
od
45%
oe
45%
of
45%
oi
45%
or
45%
os
45%
pe
45%
so
45%
ta
45%
ya
45%
ye
45%
yo
45%
za
45%
ze
45%
zo
45%
hm
36%
mm
36%
ob
36%
ok
36%
on
36%
oo
36%
oy
36%
re
36%
te
36%
ti
36%
ug
36%
um
36%
we
36%
wo
36%
oh
27%
om
27%
ou
27%
ox
27%
qi
27%
sh
27%
si
27%
uh
27%
un
27%
up
27%
ur
27%
us
27%
xi
27%
xu
27%
yu
27%
ow
18%
ut
18%
st
9%

Score Distribution

Percentile by Number Answered

Percent of People with Each Score

Your Score History

You have not taken this quiz